000 00845nam a2200265Ia 4500
005 20220317001459.0
008 161108s2014 s g 000 f s
020 _a9788420683058
100 1 _aBalzac, Honoré de
_d1799-1850
245 1 3 _aLa piel de zapa
_cHonoré de Balzac ; traductor Julio C. Acerete
250 _a2a. edición
300 _a399 páginas
_c20 cm
534 _tLa peau de chagrin
650 1 4 _2LEMB
_aNovela Francesa
_ySiglo XVIII
650 1 4 _2LEMB
_aLiteratura francesa
_ySiglo XVIII
650 1 4 _2LEMB
_aFantasía en la literatura
700 1 _aAcerete, Julio C.
_973905
942 _2loc
_cBKLIT
264 _aMadrid
_bAlianza
_c2014
336 _atexto
_btxt
_2rdacontent
337 _asin mediación
_bn
_2rdamedia
338 _avolumen
_bnc
_2rdacarrier
040 _aCO-BoRNBP
_bspa
_erda
_cCO-BoRNBP
084 _aN BAL1
999 _c7106
_d7106